000 00238nam a2200085Ia 4500
245 0 _aObesity discrimination
100 _a Bryan, Dale-Marie New York, 2009 1st ed
_978756
942 _cBK
008 210817s9999 xx 000 0 und d
999 _c272729
_d272728